Oral history and digital humanities : voice, access, and engagement
Saved in:
| Other Authors: | , |
|---|---|
| Format: | Book |
| Language: | English |
| Published: |
New York :
Palgrave Macmillan,
2014.
|
| Series: | Palgrave studies in oral history
|
| Subjects: | |
| Tags: |
Add Tag
No Tags, Be the first to tag this record!
|
MARC
| LEADER | 00000nam a2200000 a 4500 | ||
|---|---|---|---|
| 001 | 1/107524 | ||
| 008 | 150717s2014####nyu| ||| |||| ||eng|| | ||
| 020 | |a 9781137322012 |q (χαρτόδ.) | ||
| 040 | |a GR-MyUa |b gre |c GR-MyUa |e AACR2 | ||
| 041 | 0 | |a eng | |
| 082 | 7 | |a 907.2 |2 (23) | |
| 245 | 0 | 0 | |a Oral history and digital humanities : |b voice, access, and engagement / |c edited by Douglas A. Boyd and Mary A. Larson. |
| 260 | |a New York : |b Palgrave Macmillan, |c 2014. | ||
| 300 | |a xv, 205 σ. ; |c 24 εκ. | ||
| 490 | 1 | |a (Palgrave studies in oral history) | |
| 504 | |a Περιλαμβάνει βιβλιογραφία και ευρετήριο. | ||
| 505 | 8 | |a Part I. Orality/aurality -- "Oral history in the age of digital possibilities" / by William Schneider -- "Why do we call it oral history? Refocusing on orality/aurality in the digital age" / by Sherna Berger Gluck -- "Adventures in sound: aural history, the digital revolution, and the making of I can almost see the lights of home: a field trip to Harlan County Kentucky" / by Charles Hardy III -- "'I just want to click on it to listen': oral history archives, orality and usability" / by Douglas A. Boyd -- Part II. Discovery and discourse -- "Beyond the transcript: oral history as pedagogy" / by Marjorie McLellan -- "Notes from the field: digital history and oral history" / by Gerald Zahavi -- "Densho: the Japanese American Legacy Project" / by Tom Ikeda -- "Deconstruction without destruction: creating metadata for oral history in a digital world" / by Elinor Mazé -- "'We all begin with a story': discovery and discourse in the digital realm" / by Mary A. Larson -- Part III. Oral history and digital humanities perspectives -- "Swimming in the exaflood: oral history as information in the digital age" / by Stephen Sloan -- "[O]ral [h]istory and the [d]igital [h]umanities" / by Dean Rehberger. | |
| 650 | 0 | |a Oral history. | |
| 650 | 0 | |a Oral history |x Methodology. | |
| 700 | 1 | |a Boyd, Douglas A. |d 1970- |e edt | |
| 700 | 1 | |a Larson, Mary, |d 1964- |e edt | |
| 830 | 0 | |a Palgrave studies in oral history | |
| 852 | |a INST |b LESVOS |c BK |e 20150717 |h 907.2 ORA |p 005100057066 |q 005100057066 |t BK |y 0 | ||
| 922 | |a 1ΕΛΗ |b 2015-04 |c Τμήμα Κοινωνικής Ανθρωπολογίας και Ιστορίας |d Διαδρομές | ||
| 970 | |a Τζαφέρη |b Ευαγγελία |z 17-07-2015 | ||